000 00716nam a22002537a 4500
001 BR9001783
003 BR-BrBNA
005 20230928093421.0
007 ta
008 230509b bl.||||| |||| 00| 0 por d
040 _aBR-BrBNA
_bpor
_cBiblioteca Nacional de Agricultura
041 _a(Por)
072 _aE14
090 _ E14 BR9001783
110 1 _aMinisterio da Agricultura, Brasilia, DF (Brasil)
_96753
245 1 _aPrograma mutirao agricola: projeto de armazens comunitarios municipais
260 3 _aBrasilia, DF (Brasil):
_c1988.
300 _a19 p.
650 _aPROJETO AGRICOLA
650 _aDESENVOLVIMENTO RURAL
650 _aARMAZEM
909 _a202309
_bLucia
_c55
_dLucia Elande
942 _cBK
999 _c44863
_d44863